000 00420nam a2200181Ia 4500
008 210210b1962 xxu||||| |||| 00| 0 eng d
041 _aeng
082 _a825/193
100 _aCLIFFORD (James L)
245 _aBiography as an art
260 _aLondon
_bOxford University Press
_c1962
650 _aBiography
650 _aas
650 _aart
650 _aan
690 _aEnglish Criticism
906 _a014510
999 _c133701
_d133701